| 000 | 00754nam a2200193 i 4500 | ||
|---|---|---|---|
| 001 | 83606 | ||
| 003 | ES-MaACL | ||
| 005 | 20230906174849.0 | ||
| 007 | t| | ||
| 008 | 041117s1973 sp ||||1| spa d | ||
| 100 | 1 |
_aIsard, Walter. _965534 |
|
| 245 | 1 | 0 |
_aMétodos de análisis regional _b: una introducción a la ciencia regional / _cpor Walter Isard ; nota preliminar de Juan Hortalá Arau ; [traducción a cargo del Departamento de Teoría Económica de la Universidad de Barcelona]. |
| 250 | _a[2ª ed.]. | ||
| 260 |
_aBarcelona : _bAriel, _c[1973] |
||
| 300 |
_aLII, 815 p. ; _c24 cm. |
||
| 700 | 1 |
_aHortalà i Arau, Joan. _9158761 |
|
| 710 | 2 |
_aUniversidad de Barcelona. _bDepartamento de Teoría Económica. _97145 |
|
| 852 |
_aES-MaACL _jE-5862 |
||
| 999 |
_c83606 _d83606 |
||